6 intrus en 30 secondes #1 - Statistiques

Statistiques générales
  • Ce quiz a été pris 161 fois
  • Le résultat moyen est 5 sur 6
Answers on the Grid
Answers color-coded by a green-red scale on the quiz's grid according to % correct below.
☹︎
☹︎
☹︎
☹︎
☹︎
☹︎
☹︎
☹︎
☹︎
☹︎
☹︎
☹︎
☹︎
☹︎
☹︎
☹︎
☹︎
☹︎
☹︎
☹︎
☹︎
☹︎
☹︎
☹︎
☹︎
☹︎
☹︎
☹︎
☹︎
☹︎
☹︎
☹︎
☹︎
☹︎
☹︎
☹︎
☹︎
☹︎
☹︎
☹︎
☹︎
☹︎
☹︎
☹︎
☹︎
☹︎
☹︎
☹︎
☹︎
☹︎
☹︎
☹︎
☹︎
☹︎
☹︎
☹︎
☹︎
☹︎
☹︎
☹︎
☹︎
☹︎
☹︎
☹︎
☹︎
☹︎
☹︎
☹︎
☹︎
☹︎
☹︎
☹︎
☹︎
☹︎
☹︎
☹︎
☹︎
☹︎
☹︎
☹︎
☹︎
☹︎
☹︎
☹︎
☹︎
☹︎
☹︎
☹︎
☹︎
☹︎
☹︎
☹︎
☹︎
☹︎
☹︎
☹︎
☹︎
☹︎
☹︎
☹︎
☹︎
☹︎
☹︎
☹︎
☹︎
☹︎
☹︎
☹︎
☹︎
☹︎
☹︎
☹︎
☹︎
☹︎
☹︎
☹︎
☹︎
☹︎
☹︎
☹︎
☹︎
☹︎
☹︎
☹︎
☹︎
☹︎
☹︎
☹︎
☹︎
☹︎
☹︎
☹︎
☹︎
☹︎
☹︎
☹︎
☹︎
☹︎
☹︎
☹︎
☹︎
☹︎
☹︎
☹︎
☹︎
☹︎
☹︎
☹︎
☹︎
☹︎
☹︎
☹︎
☹︎
☹︎
☹︎
☹︎
☹︎
☹︎
☹︎
☹︎
☹︎
☹︎
☹︎
☹︎
☹︎
☹︎
☹︎
☹︎
☹︎
☹︎
☹︎
☹︎
☹︎
☹︎
☹︎
☹︎
☹︎
☹︎
☹︎
☹︎
☹︎
☹︎
☹︎
☹︎
☹︎
☹︎
☹︎
☹︎
☹︎
☹︎
☹︎
☹︎
☹︎
☹︎
☺︎
☺︎
☺︎
☺︎
☺︎
☺︎
 
Statistiques - réponses
Réponse % Correct
☺︎
93%
☺︎
93%
☺︎
92%
☺︎
90%
☺︎
90%
☺︎
89%
Aucun quiz correspondant
Distribution des résultats
% des personnes avec chaque résultat
Percentile par nombre de réponses
Votre historique - résultats
Vous n’avez pas pris ce quiz